LEADER 01439nam--2200397---450 001 990001823180203316 005 20200611073753.0 010 $a88-8247-121-7 035 $a000182318 035 $aUSA01000182318 035 $a(ALEPH)000182318USA01 035 $a000182318 100 $a20040706d2004----km-y0enga50------ba 101 $aita 102 $aIT 105 $a||||||||001yy 200 1 $aPassi del leggere$escritti di lettura, sulla lettura per la lettura$ead uso di chi scrive e di chi cita$fPiero Innocenti$gcon la collaborazione di Cristina Cavallaro 210 $aRoma$cVecchiarelli$d2004 215 $a2. v.$d20 cm 225 2 $aBibliografia, bibliologia, biblioteconomia$iCollana di Testi e Studi$fdiretta da Piero Inncenti e Giovanni Solimine$v13 327 1 $a : CLIII, 349 p. - : 350-895 p. 410 0$12001$aBibliografia, bibliologia, biblioteconomia$iCollana di Testi e Studi$fdiretta da Piero Inncenti e Giovanni Solimine$v13 454 1$12001 461 1$1001-------$12001 606 0 $aLettura 676 $a028 700 1$aINNOCENTI,$bPiero$02018 702 1$aCAVALLARO,$bCristina 801 0$aIT$bsalbc$gISBD 912 $a990001823180203316 951 $aI.2.B. 210/1(V C 2287/1)$b174454 L.M.$cV C$d00134349 951 $aI.2.B. 210/2(V C 2287/2)$b174455 L.M.$cV C$d00134344 959 $aBK 969 $aUMA 996 $aPassi del leggere$9743107 997 $aUNISA LEADER 01739nam0 22003973i 450 001 VAN0225581 005 20230605093834.367 017 70$2N$a9783030482060 100 $a20211012d2020 |0itac50 ba 101 $aeng 102 $aCH 105 $a|||| ||||| 200 1 $aAnalysis of Piezoelectric Semiconductor Structure$fJiashi Yang 210 $aCham$cSpringer$d2020 215 $aviii, 230 p.$cill.$d24 cm 500 1$3VAN0225583$aAnalysis of Piezoelectric Semiconductor Structure$91878899 606 $a74-XX$xMechanics of deformable solids [MSC 2020]$3VANC022466$2MF 606 $a82D37$xStatistical mechanical studies of semiconductors [MSC 2020]$3VANC023098$2MF 606 $a74F15$xElectromagnetic effects in solid mechanics [MSC 2020]$3VANC035274$2MF 610 $aElectromechanical coupling$9KW:K 610 $aMechanics of piezoelectric semiconductors$9KW:K 610 $aPiezoelectricity$9KW:K 610 $aPiezotronics$9KW:K 610 $aSemiconductors$9KW:K 610 $aSolid mechanics$9KW:K 620 $aCH$dCham$3VANL001889 700 1$aYang$bJiashi$3VANV095991$0476573 712 $aSpringer $3VANV108073$4650 801 $aIT$bSOL$c20240614$gRICA 856 4 $uhttp://doi.org/10.1007/978-3-030-48206-0$zE-book ? Accesso al full-text attraverso riconoscimento IP di Ateneo, proxy e/o Shibboleth 899 $aBIBLIOTECA DEL DIPARTIMENTO DI MATEMATICA E FISICA$1IT-CE0120$2VAN08 912 $fN 912 $aVAN0225581 950 $aBIBLIOTECA DEL DIPARTIMENTO DI MATEMATICA E FISICA$d08CONS e-book 4150 $e08eMF4150 20211012 996 $aAnalysis of Piezoelectric Semiconductor Structure$91878899 997 $aUNICAMPANIA